|
000
|
01005nam0 2200289 450
|
|
001
|
nydsq0000710
|
|
005
|
20081209172802.0
|
|
010
|
|
@a978-7-5429-1419-4@dCNY14.00
|
|
100
|
|
@a20081206d2007 em y0chiy0120 ea
|
|
101
|
0
|
@achi
|
|
102
|
|
@aCN@b310000
|
|
105
|
|
@ak q 000yy
|
|
106
|
|
@ar
|
|
200
|
1
|
@a基础会计习题集@Aji chu kuai ji xi ti ji@f徐金仙,陈引主编
|
|
205
|
|
@a第二版
|
|
210
|
|
@a上海@c立信会计出版社@d2007.5
|
|
215
|
|
@a255页@d21cm
|
|
225
|
2
|
@a立信会计丛书@Ali xin kuai ji cong shu
|
|
330
|
|
@a本习题集在结合《基础会计》教材内容的基础上,吸收了其他同行编写的习题集长处。同时,为了帮助会计初学者拓展思维和激发学习会计的兴趣,特意编写了与会计初学者所掌握的基础会计知识和实践知识同步的案例。
|
|
410
|
0
|
@12001 @a立信会计丛书
|
|
606
|
0
|
@a会计学@Akuai ji xue@x习题
|
|
606
|
0
|
@a会计学@Akuai ji xue
|
|
690
|
|
@aF230@v4
|
|
701
|
0
|
@a徐金仙@Axu jin xian@4主编
|
|
701
|
0
|
@a陈引@Achen yin@4主编
|
|
801
|
0
|
@aCN@bCDNYKJZYXY@c20081209
|
|
905
|
|
@aCDNYKJZYXY@dF230@e21@f5
|
|
|
|
|
| |
| 基础会计习题集/徐金仙,陈引主编.-第二版.-上海:立信会计出版社,2007.5 |
| 255页;21cm.-(立信会计丛书) |
| |
| |
| ISBN 978-7-5429-1419-4:CNY14.00 |
| 本习题集在结合《基础会计》教材内容的基础上,吸收了其他同行编写的习题集长处。同时,为了帮助会计初学者拓展思维和激发学习会计的兴趣,特意编写了与会计初学者所掌握的基础会计知识和实践知识同步的案例。 |
| ● |
正题名:基础会计习题集
索取号:F230/21
 
预约/预借
| 序号
|
登录号
|
条形码
|
馆藏地/架位号
|
状态
|
备注
|
|
1
|
228919
|
300228919
|
柳城密-1楼/13架11列2层/
[索取号:F230/21]
|
在馆
|
|
|
2
|
228920
|
300228920
|
柳城密-1楼/13架11列2层/
[索取号:F230/21]
|
在馆
|
|
|
3
|
228921
|
300228921
|
柳城-5楼/4架3列1层/
[索取号:F230/21]
|
在馆
|
|
|
4
|
228922
|
300228922
|
柳城-5楼/4架3列1层/
[索取号:F230/21]
|
在馆
|
|
|
5
|
228923
|
300228923
|
柳城-5楼/4架3列1层/
[索取号:F230/21]
|
在馆
|
|